|
|
|
|
| LEADER |
00000nam2a2200000 4500 |
| 001 |
365270 |
| 005 |
20231102011753.0 |
| 035 |
|
|
|a (RuTPU)RU\TPU\retro\22633
|
| 035 |
|
|
|a RU\TPU\retro\22626
|
| 035 |
|
|
|a RU\TPU\retro\22621
|
| 090 |
|
|
|a 365270
|
| 100 |
|
|
|a 20211221d1959 k y0rusy50 ca
|
| 101 |
0 |
|
|a rus
|
| 102 |
|
|
|a RU
|
| 105 |
|
|
|a a z 001zy
|
| 200 |
0 |
|
|a Т. 14 : Геология
|f гл. ред. Н. А. Шило
|
| 210 |
|
|
|d 1959
|
| 215 |
|
|
|a 364 с.
|c ил.
|
| 300 |
|
|
|a В томе предствлены работы, изданные ранее отдельными выпусками.
|
| 320 |
|
|
|a Библиогр. в конце ст.
|
| 461 |
|
1 |
|0 (RuTPU)RU\TPU\retro\21284
|t Труды ВНИИ-1 (Всесоюзного научно-исследовательского института золота и редких металлов)
|o [сборник трудов]
|f Всесоюзный научно-исследовательский институт золота и редких металлов
|v Т. 14 : Геология
|d 1957-1975
|
| 606 |
1 |
|
|a Геология
|2 stltpush
|3 (RuTPU)RU\TPU\subj\6095
|9 34054
|
| 610 |
1 |
|
|a золоторудные месторождения
|
| 610 |
1 |
|
|a Северо-Восток СССР
|
| 610 |
1 |
|
|a металлогения
|
| 610 |
1 |
|
|a малые интрузии
|
| 610 |
1 |
|
|a минералы
|
| 610 |
1 |
|
|a горные породы
|
| 610 |
1 |
|
|a количественный спектральный анализ
|
| 610 |
1 |
|
|a металлоносность
|
| 610 |
1 |
|
|a минералообразование
|
| 610 |
1 |
|
|a сереброносные формации
|
| 610 |
1 |
|
|a золотоносность
|
| 610 |
1 |
|
|a касситерит
|
| 610 |
1 |
|
|a нефтегазоносность
|
| 675 |
|
|
|a 55
|v 4
|
| 702 |
|
1 |
|a Шило
|b Н. А.
|4 651
|
| 801 |
|
1 |
|a RU
|b 63413507
|c 20211217
|
| 801 |
|
2 |
|a RU
|b 63413507
|c 20211221
|g RCR
|
| 942 |
|
|
|c BK
|